Word Ladder: Star Wars Jedi Quiz Stats

 Plays Quiz Updated Feb 2, 2013

Support Sporcle.
Go Orange.
Score 0/17 Timer 02:00
2 Plays Today
Clue 4-Letter Word % Correct
Small green Jedi•YODA•
97.5%
Carbonated soft drinkSODA
95.3%
A large couch with a back and armsSOFA
94.8%
Not hard or firm to the touchSOFT
94.8%
____ Skywalker, destroyer of the first Death Star•LUKE•
94.2%
Sixth month of the yearJUNE
91.5%
Arrange by typeSORT
90.7%
Large inland body of waterLAKE
90.3%
A coin-operated music boxJUKE
90%
Clue 4-Letter Word % Correct
Greater in amountMORE
89.5%
Adult female horseMARE
88.5%
Physically painfulSORE
86.8%
____ Windu, Jedi with purple lightsaber•MACE•
83.2%
Worthless thingsJUNK
82.2%
Netlike, ornamental fabricLACE
79.3%
Qui-Gon ____, Obi-Wan's Jedi master•JINN•
55.5%
Change direction quicklyJINK
50.5%

Today's Daily Dose

You're not logged in!

Compare scores with friends on all Sporcle quizzes.
OR
Log In

From the Vault

Australian Cities: Real or Fake?

by Scott

Happy Australia Day, Sporclers!
Remove Ads.
Support Sporcle.
Get the best of Sporcle when you Go Orange. This ad-free experience offers more features, more stats, and more fun while also helping to support Sporcle. Thank you for becoming a member.

Show Comments

Extras

Top Quizzes Today


Score Distribution

Your Account Isn't Verified!

In order to create a playlist on Sporcle, you need to verify the email address you used during registration. Go to your Sporcle Settings to finish the process.

Report this User

Report this user for behavior that violates our Community Guidelines.

Details: